A kiskorú, mint érdekelt részvétele a válási mediációs eljárásban

Elmentve itt :
Bibliográfiai részletek
Szerző: Szűcsné Kálmán Tünde
További közreműködők: Pintérné Dr. Pipicz Gizella (Témavezető)
Dokumentumtípus: Szakdolgozat
Megjelent: 2020
Tárgyszavak:
Law
Online Access:http://diploma.bibl.u-szeged.hu/115146
LEADER 00791nta a2200193 i 4500
001 dipl115146
005 20210622084011.0
008 210609s2020 hu om 0|| hun d
040 |a SZTE Diploma Repozitórium  |b hun 
041 |a hun 
100 2 |a Szűcsné Kálmán Tünde 
245 1 2 |a A kiskorú, mint érdekelt részvétele a válási mediációs eljárásban  |h [elektronikus dokumentum] /  |c Tünde Szűcsné Kálmán 
246 1 0 |a The child as stakeholder and participant during divorce mediation  |h [elektronikus dokumentum] 
260 |c 2020 
650 4 |a Jogi és igazgatási tanulmányok 
650 4 |a Social sciences 
650 4 |a Law 
700 2 |a Pintérné Dr. Pipicz Gizella  |e ths 
856 4 0 |u http://diploma.bibl.u-szeged.hu/id/eprint/115146/1/2020_szucsne_kalman_tunde.pdf  |z Dokumentum-elérés